[Event "11th LCC FIDE Open 2019"]
[Site "London"]
[Date "2019.12.04"]
[Round "7.18"]
[White "Smith, Andrew Philip"]
[Black "Sowray, Peter J"]
[Result "0-1"]
[WhiteElo "2172"]
[BlackElo "2316"]
[Annotator "TA"]
[PlyCount "120"]
[EventDate "2019.11.29"]
[EventType "swiss"]
[EventCountry "ENG"]
[SourceTitle "playchess.com"]
[Source "ChessBase"]
[SourceQuality "1"]

{[%evp 16,120,-47,-54,-56,-61,-75,-77,-99,-111,-39,-53,-49,-180,-110,-95,-112,-216,0,0,46,18,16,-44,-56,-44,-57,-50,-50,-27,-41,-57,-46,-51,-41,-57,-15,-33,-15,-8,0,0,0,0,0,-10,0,0,0,-46,-60,-47,-68,-49,-59,-62,0,0,0,0,29,31,24,22,43,40,47,39,62,10,14,2,4,-131,-141,-119,-116,-121,-124,-132,-148,-150,-121,-168,-212,-207,-67,-102,-112,-101,-112,-171,-177,-29952,-29959,-29948,-11495,-29969,-29965,-29968,-12640,-29978,-29979,-29979,-29980,-29972,-29960]} 1. e4 e5 2. d4 exd4 3. Qxd4 Nc6 4. Qe3 Nf6 5. Nc3 Bb4 6. Bd2 O-O 7. O-O-O Re8 8. Bc4 d6 9. f3 Ne5 {C22: Centre Game} 10. Be2 (10. Bb3 a5 11. a3 Bc5 12. Qe1 b5 13. a4 b4 14. Nce2 Be6 15. Bxe6 fxe6 16. b3 Nc6 17. Kb1 e5 18. Bc1 {½-½ (30) Munoz Pantoja,M (2451)-Vallejo Pons,F (2713) Linares 2016}) 10... c6 11. Qf2 b5 {Black is better.} 12. Nh3 $146 ({Predecessor:} 12. Kb1 Be6 13. Nd5 Nxd5 14. exd5 Bc5 15. Qg3 Bxd5 16. f4 {0-1 (38) Salubre,J (2322)-Perena,C (2212) Manila 2008}) 12... Rb8 (12... Bxh3 $17 13. gxh3 a5) 13. Nf4 $1 $15 Qa5 14. Rhe1 (14. Nb1 $1 $15) 14... Nc4 (14... Bc5 $19 15. Be3 b4) 15. Bxc4 $17 bxc4 16. Qd4 {[#]} (16. Nb1 $17 {keeps fighting.}) 16... Ba6 $2 ({Stronger than} 16... Bc5 17. Qxc4 Ba6 18. Qa4 $11) (16... Qa6 $1 $19 {aiming for ...Bc5.} 17. Nb1 Bc5) 17. Nb1 $1 $11 Qxa2 18. Bxb4 Rxb4 19. Re3 (19. e5 $11 dxe5 20. Rxe5) 19... c5 $1 $36 {[%cal Rc5d4][%mdl 2048] Black fights for an advantage.} 20. Qc3 Reb8 {[%cal Rb4b2]} 21. Qa3 Rxb2 {[%csl Ga2][%cal Rb2c2]} 22. Qxa2 Rxa2 23. Nc3 Ra1+ 24. Kd2 Rxd1+ 25. Nxd1 g5 26. Ne2 Bb7 27. Ra3 d5 28. exd5 Bxd5 29. Ne3 Rd8 30. Kc3 Re8 31. Kd2 Re7 32. Nxd5 Nxd5 $11 {[%mdl 4096] Endgame KRN-KRN} 33. Ra5 Rd7 {...Nf4+ is the strong threat.} 34. Ng3 Nf4+ 35. Kc3 Ne6 ({Better is} 35... Rc7 $15) 36. Ne4 {Black must now prevent Nf6+.} Rc7 37. Kxc4 f5 38. Nxc5 Kf7 39. Kd5 Nf4+ 40. Kd6 Re7 41. g3 Ne2 42. Nd7 (42. c4 $14) 42... Nd4 43. c3 Re6+ 44. Kc7 (44. Kd5 $11 {was the only way to keep the balance.} Nc6 45. Nc5) 44... Rc6+ $17 {[%mdl 64] Double Attack} 45. Kb7 Rxc3 46. f4 gxf4 47. Ne5+ Ke6 48. gxf4 Rh3 49. Ra4 {[#]} Kd5 $1 50. Kxa7 Ne6 (50... Rxh2 $19 {Hoping for ...Rf2.} 51. Kb7 Rb2+ 52. Kc8 Rg2) 51. Nf7 Rxh2 52. Ra5+ Nc5 53. Ne5 (53. Ra1 $17 {was necessary.}) 53... Rh6 $19 54. Nd3 $2 {[#]} (54. Kb8 $19) 54... Ra6+ $1 {[%mdl 512]} 55. Rxa6 Nxa6 56. Kxa6 {KN-KPP} Ke4 57. Ne1 h5 58. Kb5 h4 {Black mates.} 59. Kc4 h3 60. Nd3 Ke3 {Accuracy: White = 37%, Black = 57%.} 0-1

[Event "11th LCC FIDE Open 2019"]
[Site "London"]
[Date "2019.12.04"]
[Round "7.19"]
[White "Villiers, Thomas"]
[Black "Risting, Eivind Olav"]
[Result "1/2-1/2"]
[WhiteElo "2145"]
[BlackElo "2298"]
[Annotator "NA"]
[PlyCount "25"]
[EventDate "2019.11.29"]
[EventType "swiss"]
[EventCountry "ENG"]
[SourceTitle "playchess.com"]
[Source "ChessBase"]
[SourceQuality "1"]
[TimeControl "40/5400+30:1800+30"]

1. c4 {[%emt 0:00:00]} e5 {[%emt 0:00:00]} 2. Nc3 {[%emt 0:00:03]} Bb4 {[%emt 0:00:30]} 3. Qc2 {[%emt 0:01:42]} Nf6 {[%emt 0:01:32]} 4. a3 {[%emt 0:00:55]} Be7 {[%emt 0:02:34]} 5. e3 {[%emt 0:01:35]} O-O {[%emt 0:02:45]} 6. Nge2 {[%emt 0:05:16]} c6 {[%emt 0:03:47]} 7. g3 {[%emt 0:00:00]} d5 {[%emt 0:03:42]} 8. d4 {[%emt 0:02:44]} exd4 {[%emt 0:12:29]} 9. Nxd4 {[%emt 0:03:59]} c5 {[%emt 0:03:51]} 10. Nf5 {[%emt 0:00:11]} d4 {[%emt 0:05:48]} 11. Nxe7+ {[%emt 0:01:02]} Qxe7 {[%emt 0:00:04]} 12. Nd5 {[%emt 0:00:38]} Qe5 {[%emt 0:20:44]} 13. Bg2 {[%emt 0:03:35]} 1/2-1/2

[Event "11th LCC FIDE Open 2019"]
[Site "London"]
[Date "2019.12.04"]
[Round "7.20"]
[White "Wu, Li"]
[Black "Eche, Sylvain"]
[Result "1-0"]
[WhiteElo "2293"]
[BlackElo "2054"]
[Annotator "NA"]
[PlyCount "47"]
[EventDate "2019.11.29"]
[EventType "swiss"]
[EventCountry "ENG"]
[SourceTitle "playchess.com"]
[Source "ChessBase"]
[SourceQuality "1"]
[TimeControl "40/5400+30:1800+30"]

1. Nf3 {[%emt 0:00:00]} Nf6 {[%emt 0:00:00]} 2. c4 {[%emt 0:00:00]} g6 {[%emt 0:00:11]} 3. Nc3 {[%emt 0:00:00]} d5 {[%emt 0:00:42]} 4. cxd5 {[%emt 0:00:01]} Nxd5 {[%emt 0:00:06]} 5. e4 {[%emt 0:00:05]} Nxc3 {[%emt 0:00:16]} 6. dxc3 {[%emt 0:00:17]} Qxd1+ {[%emt 0:04:44]} 7. Kxd1 {[%emt 0:00:04]} Bg7 {[%emt 0:03:55]} 8. Bf4 {[%emt 0:01:08]} c5 {[%emt 0:01:42]} 9. Kc2 {[%emt 0:01:41]} O-O {[%emt 0:03:04]} 10. a4 {[%emt 0:04:26]} b6 {[%emt 0:06:01]} 11. a5 {[%emt 0:11:58]} Bb7 {[%emt 0:02:18]} 12. Nd2 {[%emt 0:00:04]} Nd7 {[%emt 0:07:13]} 13. Bb5 {[%emt 0:08:02]} Nf6 {[%emt 0:08:01]} 14. a6 {[%emt 0:01:26]} Bxe4+ {[%emt 0:00:16]} 15. Nxe4 {[%emt 0:00:05]} Nxe4 {[%emt 0:00:06]} 16. Bc6 {[%emt 0:01:37]} Nxf2 {[%emt 0:05:06]} 17. Bxa8 {[%emt 0:02:32]} Nxh1 {[%emt 0:01:12]} 18. Bf3 {[%emt 0:00:21]} e5 {[%emt 0:04:55]} 19. Be3 {[%emt 0:00:13]} f5 {[%emt 0:01:19]} 20. Bd5+ {[%emt 0:01:02]} Kh8 {[%emt 0:00:05]} 21. Rxh1 {[%emt 0:00:06]} e4 {[%emt 0:00:56]} 22. Bf4 {[%emt 0:02:08]} Bf6 {[%emt 0:01:23]} 23. Bc7 {[%emt 0:03:57]} Bd8 {[%emt 0:01:17]} 24. Bd6 {[%emt 0:00:20]} 1-0

[Event "11th LCC FIDE Open 2019"]
[Site "London"]
[Date "2019.12.04"]
[Round "7.21"]
[White "Royal, Shreyas"]
[Black "Zapolskis, Antanas"]
[Result "1-0"]
[WhiteElo "1941"]
[BlackElo "2280"]
[Annotator "NA"]
[PlyCount "105"]
[EventDate "2019.11.29"]
[EventType "swiss"]
[EventCountry "ENG"]
[SourceTitle "playchess.com"]
[Source "ChessBase"]
[SourceQuality "1"]
[TimeControl "40/5400+30:1800+30"]

1. d4 {[%emt 0:00:00]} b5 {[%emt 0:00:00]} 2. e4 {[%emt 0:02:30]} a6 {[%emt 0:00:00]} 3. Bd3 {[%emt 0:02:59]} e6 {[%emt 0:00:13]} 4. Nf3 {[%emt 0:02:30]} Bb7 {[%emt 0:02:16]} 5. c3 {[%emt 0:03:01]} Nf6 {[%emt 0:02:06]} 6. Nbd2 {[%emt 0:01:37]} d6 {[%emt 0:04:10]} 7. a4 {[%emt 0:02:22]} bxa4 {[%emt 0:04:07]} 8. Qxa4+ {[%emt 0:02:54]} Nbd7 {[%emt 0:01:48]} 9. O-O {[%emt 0:02:34]} Be7 {[%emt 0:00:08]} 10. Qc2 {[%emt 0:02:31]} h6 {[%emt 0:11:03]} 11. Nb3 {[%emt 0:04:48]} Ra7 {[%emt 0:08:23]} 12. Na5 {[%emt 0:03:24]} Ba8 {[%emt 0:00:11]} 13. Qe2 {[%emt 0:00:39]} O-O {[%emt 0:14:13]} 14. Ne1 {[%emt 0:16:26]} c5 {[%emt 0:05:24]} 15. f3 {[%emt 0:02:09]} cxd4 {[%emt 0:01:23]} 16. cxd4 {[%emt 0:00:13]} Nb8 {[%emt 0:01:34]} 17. Be3 {[%emt 0:03:21]} d5 {[%emt 0:04:10]} 18. e5 {[%emt 0:00:05]} Ne8 {[%emt 0:01:46]} 19. f4 {[%emt 0:04:16]} f5 {[%emt 0:01:48]} 20. exf6 {[%emt 0:00:49]} Bxf6 {[%emt 0:06:02]} 21. Nf3 {[%emt 0:00:43]} Nd6 {[%emt 0:03:24]} 22. Bg6 {[%emt 0:02:09]} Nc6 {[%emt 0:01:07]} 23. Nb3 {[%emt 0:00:30]} Qb6 {[%emt 0:06:01]} 24. Nc5 {[%emt 0:00:51]} Nc4 {[%emt 0:00:24]} 25. Bf2 {[%emt 0:03:44]} Nd8 {[%emt 0:02:35]} 26. b3 {[%emt 0:01:33]} Na5 {[%emt 0:00:09]} 27. Qe1 {[%emt 0:02:47]} Nac6 {[%emt 0:01:19]} 28. Nxe6 {[%emt 0:05:07]} Re7 {[%emt 0:00:12]} 29. f5 {[%emt 0:00:00]} Nb4 {[%emt 0:00:08]} 30. Nxf8 {[%emt 0:01:50]} Rxe1 {[%emt 0:02:07]} 31. Raxe1 {[%emt 0:00:27]} Bc6 {[%emt 0:00:10]} 32. Nh7 {[%emt 0:03:03]} Bb5 {[%emt 0:05:12]} 33. Re3 {[%emt 0:04:55]} Nd3 {[%emt 0:01:42]} 34. Nxf6+ {[%emt 0:02:43]} gxf6 {[%emt 0:00:14]} 35. Bh4 {[%emt 0:00:25]} Nf4 {[%emt 0:00:45]} 36. Rfe1 {[%emt 0:00:19]} Nxg6 {[%emt 0:00:17]} 37. fxg6 {[%emt 0:00:04]} Kg7 {[%emt 0:00:06]} 38. Re7+ {[%emt 0:04:10]} Kxg6 {[%emt 0:00:17]} 39. Bf2 {[%emt 0:00:08]} Nf7 {[%emt 0:09:14]} 40. Nh4+ {[%emt 0:00:14]} Kg7 {[%emt 0:00:07]} 41. Nf5+ {[%emt 0:30:08]} Kf8 {[%emt 0:30:14]} 42. R7e6 {[%emt 0:02:48]} Qd8 {[%emt 0:00:00]} 43. Bh4 {[%emt 0:00:00]} Ng5 {[%emt 0:00:00]} 44. Bxg5 {[%emt 0:00:00]} hxg5 {[%emt 0:00:00]} 45. Rd6 {[%emt 0:00:00]} Qa5 {[%emt 0:00:00]} 46. Rxf6+ {[%emt 0:00:00]} Kg8 {[%emt 0:00:00]} 47. Re7 {[%emt 0:00:00]} Qa1+ {[%emt 0:00:00]} 48. Kf2 {[%emt 0:00:00]} Qf1+ {[%emt 0:00:00]} 49. Kg3 {[%emt 0:00:00]} Qf4+ {[%emt 0:00:00]} 50. Kh3 {[%emt 0:00:00]} g4+ {[%emt 0:00:00]} 51. Kh4 {[%emt 0:00:00]} g3+ {[%emt 0:00:00]} 52. Kh3 {[%emt 0:00:00]} gxh2 {[%emt 0:00:00]} 53. Rg7+ {[%emt 0:00:00]} 1-0

[Event "11th LCC FIDE Open 2019"]
[Site "London"]
[Date "2019.12.04"]
[Round "7.22"]
[White "Zujev, Oleg"]
[Black "Sedykh, Mikhail"]
[Result "1-0"]
[WhiteElo "2316"]
[BlackElo "2134"]
[Annotator "NA"]
[PlyCount "75"]
[EventDate "2019.11.29"]
[EventType "swiss"]
[EventCountry "ENG"]
[SourceTitle "playchess.com"]
[Source "ChessBase"]
[SourceQuality "1"]
[TimeControl "40/5400+30:1800+30"]

1. d4 {[%emt 0:00:00]} d5 {[%emt 0:02:57]} 2. c4 {[%emt 0:00:00]} e6 {[%emt 0:00:05]} 3. Nc3 {[%emt 0:00:00]} Nf6 {[%emt 0:00:11]} 4. cxd5 {[%emt 0:00:18]} exd5 {[%emt 0:00:05]} 5. Bg5 {[%emt 0:00:06]} Be7 {[%emt 0:00:10]} 6. e3 {[%emt 0:00:08]} c6 {[%emt 0:00:12]} 7. Bd3 {[%emt 0:00:15]} Nbd7 {[%emt 0:00:11]} 8. Qc2 {[%emt 0:00:17]} O-O {[%emt 0:00:23]} 9. Nf3 {[%emt 0:00:10]} Re8 {[%emt 0:00:05]} 10. O-O {[%emt 0:00:06]} Nf8 {[%emt 0:00:05]} 11. h3 {[%emt 0:00:09]} Ne4 {[%emt 0:00:08]} 12. Bf4 {[%emt 0:02:13]} Ng5 {[%emt 0:01:08]} 13. Bxg5 {[%emt 0:03:47]} Bxg5 {[%emt 0:00:08]} 14. b4 {[%emt 0:00:29]} a6 {[%emt 0:14:19]} 15. a4 {[%emt 0:05:33]} Ng6 {[%emt 0:17:16]} 16. Bf5 {[%emt 0:03:17]} Qf6 {[%emt 0:14:15]} 17. Bxc8 {[%emt 0:01:25]} Raxc8 {[%emt 0:00:55]} 18. b5 {[%emt 0:12:47]} cxb5 {[%emt 0:19:46]} 19. Qb2 {[%emt 0:24:33]} bxa4 {[%emt 0:09:37]} 20. Nxd5 {[%emt 0:05:34]} Qf5 {[%emt 0:00:08]} 21. Qxb7 {[%emt 0:04:50]} Rb8 {[%emt 0:03:28]} 22. Qc6 {[%emt 0:00:42]} Rbc8 {[%emt 0:05:00]} 23. Nc7 {[%emt 0:03:48]} Re7 {[%emt 0:08:26]} 24. Qd5 {[%emt 0:02:08]} Qd3 {[%emt 0:00:02]} 25. Rfd1 {[%emt 0:02:35]} Qb3 {[%emt 0:00:07]} 26. Rab1 {[%emt 0:00:49]} Qa3 {[%emt 0:00:36]} 27. Nxa6 {[%emt 0:03:12]} Bxe3 {[%emt 0:00:12]} 28. fxe3 {[%emt 0:04:33]} Qxe3+ {[%emt 0:00:02]} 29. Kh1 {[%emt 0:00:07]} Nf4 {[%emt 0:00:44]} 30. Qf5 {[%emt 0:00:29]} Re6 {[%emt 0:01:53]} 31. Re1 {[%emt 0:01:06]} Ne2 {[%emt 0:00:13]} 32. Kh2 {[%emt 0:10:36]} Qf2 {[%emt 0:01:22]} 33. Rxe2 {[%emt 0:03:57]} Qxe2 {[%emt 0:00:12]} 34. Ng5 {[%emt 0:01:09]} Rec6 {[%emt 0:01:42]} 35. Qxh7+ {[%emt 0:01:17]} Kf8 {[%emt 0:00:00]} 36. Rb7 {[%emt 0:00:17]} R6c7 {[%emt 0:01:18]} 37. Nxc7 {[%emt 0:00:24]} Qd2 {[%emt 0:00:38]} 38. Nd5 {[%emt 0:00:25]} 1-0

[Event "11th LCC FIDE Open 2019"]
[Site "London"]
[Date "2019.12.04"]
[Round "7.23"]
[White "Cox, John J"]
[Black "Makkar, Rajat"]
[Result "1-0"]
[WhiteElo "2306"]
[BlackElo "2125"]
[Annotator "NA"]
[PlyCount "41"]
[EventDate "2019.11.29"]
[EventType "swiss"]
[EventCountry "ENG"]
[SourceTitle "playchess.com"]
[Source "ChessBase"]
[SourceQuality "1"]
[TimeControl "40/5400+30:1800+30"]

1. c4 {[%emt 0:03:01]} c5 {[%emt 0:00:00]} 2. g3 {[%emt 0:00:09]} Nf6 {[%emt 0:00:28]} 3. Bg2 {[%emt 0:00:05]} d5 {[%emt 0:00:20]} 4. cxd5 {[%emt 0:00:05]} Nxd5 {[%emt 0:00:08]} 5. Nc3 {[%emt 0:00:05]} Nc7 {[%emt 0:00:14]} 6. Nf3 {[%emt 0:02:55]} Nc6 {[%emt 0:00:30]} 7. a3 {[%emt 0:02:59]} e5 {[%emt 0:01:04]} 8. b4 {[%emt 0:06:12]} cxb4 {[%emt 0:11:50]} 9. axb4 {[%emt 0:00:12]} f6 {[%emt 0:02:13]} 10. b5 {[%emt 0:11:13]} Nd4 {[%emt 0:01:21]} 11. b6 {[%emt 0:01:36]} axb6 {[%emt 0:02:17]} 12. Rxa8 {[%emt 0:00:13]} Nxa8 {[%emt 0:01:34]} 13. Nxd4 {[%emt 0:10:12]} Qxd4 {[%emt 0:02:02]} 14. Qc2 {[%emt 0:04:17]} Bc5 {[%emt 0:02:36]} 15. O-O {[%emt 0:00:50]} O-O {[%emt 0:04:19]} 16. Qa2+ {[%emt 0:04:46]} Kh8 {[%emt 0:03:16]} 17. Qxa8 {[%emt 0:00:32]} Bb4 {[%emt 0:02:29]} 18. Qa2 {[%emt 0:04:01]} Bxc3 {[%emt 0:01:57]} 19. dxc3 {[%emt 0:00:17]} Qxc3 {[%emt 0:00:18]} 20. Be3 {[%emt 0:03:13]} b5 {[%emt 0:03:15]} 21. Rc1 {[%emt 0:01:45]} 1-0

[Event "11th LCC FIDE Open 2019"]
[Site "London"]
[Date "2019.12.04"]
[Round "7.24"]
[White "Pasztor, Balazs"]
[Black "Berry, Neil"]
[Result "1/2-1/2"]
[WhiteElo "2166"]
[BlackElo "2250"]
[Annotator "NA"]
[PlyCount "40"]
[EventDate "2019.11.29"]
[EventType "swiss"]
[EventCountry "ENG"]
[SourceTitle "playchess.com"]
[Source "ChessBase"]
[SourceQuality "1"]
[TimeControl "40/5400+30:1800+30"]

1. e4 {[%emt 0:13:02]} e5 {[%emt 0:05:11]} 2. Nf3 {[%emt 0:00:08]} Nc6 {[%emt 0:00:13]} 3. Bb5 {[%emt 0:00:17]} a6 {[%emt 0:01:44]} 4. Ba4 {[%emt 0:00:07]} Nf6 {[%emt 0:00:09]} 5. Nc3 {[%emt 0:00:42]} Bd6 {[%emt 0:03:28]} 6. O-O {[%emt 0:06:07]} O-O {[%emt 0:01:57]} 7. a3 {[%emt 0:06:28]} Re8 {[%emt 0:04:42]} 8. d3 {[%emt 0:03:39]} h6 {[%emt 0:01:05]} 9. Re1 {[%emt 0:06:59]} Bc5 {[%emt 0:05:07]} 10. Nd5 {[%emt 0:18:43]} d6 {[%emt 0:25:45]} 11. c3 {[%emt 0:06:36]} Ba7 {[%emt 0:05:28]} 12. Be3 {[%emt 0:07:38]} Bd7 {[%emt 0:12:40]} 13. Bb3 {[%emt 0:09:57]} Nxd5 {[%emt 0:01:17]} 14. Bxd5 {[%emt 0:00:26]} Bxe3 {[%emt 0:01:25]} 15. Rxe3 {[%emt 0:01:54]} Be6 {[%emt 0:00:43]} 16. Qb3 {[%emt 0:04:12]} Rb8 {[%emt 0:01:04]} 17. Bxe6 {[%emt 0:02:02]} Rxe6 {[%emt 0:00:23]} 18. d4 {[%emt 0:01:58]} Re8 {[%emt 0:00:52]} 19. dxe5 {[%emt 0:02:17]} Nxe5 {[%emt 0:00:50]} 20. Nxe5 {[%emt 0:00:38]} Rxe5 {[%emt 0:00:20]} 1/2-1/2

[Event "11th LCC FIDE Open 2019"]
[Site "London"]
[Date "2019.12.04"]
[Round "7.25"]
[White "Lee, Qing Aun"]
[Black "Willmoth, Robert F"]
[Result "1/2-1/2"]
[WhiteElo "2228"]
[BlackElo "2108"]
[Annotator "NA"]
[PlyCount "84"]
[EventDate "2019.11.29"]
[EventType "swiss"]
[EventCountry "ENG"]
[SourceTitle "playchess.com"]
[Source "ChessBase"]
[SourceQuality "1"]
[TimeControl "40/5400+30:1800+30"]

1. e4 {[%emt 0:00:17]} d6 {[%emt 0:00:00]} 2. d4 {[%emt 0:00:12]} Nf6 {[%emt 0:00:00]} 3. Nc3 {[%emt 0:00:15]} g6 {[%emt 0:00:00]} 4. Bg5 {[%emt 0:00:20]} Bg7 {[%emt 0:00:07]} 5. e5 {[%emt 0:00:17]} Nfd7 {[%emt 0:03:18]} 6. exd6 {[%emt 0:00:16]} cxd6 {[%emt 0:00:16]} 7. Nf3 {[%emt 0:00:33]} Nf6 {[%emt 0:05:26]} 8. Be2 {[%emt 0:08:14]} Qa5 {[%emt 0:04:35]} 9. Qd2 {[%emt 0:04:16]} Nbd7 {[%emt 0:02:08]} 10. O-O-O {[%emt 0:02:28]} h6 {[%emt 0:03:19]} 11. Be3 {[%emt 0:03:27]} Nb6 {[%emt 0:08:23]} 12. Kb1 {[%emt 0:15:53]} Be6 {[%emt 0:04:11]} 13. a3 {[%emt 0:08:43]} Rc8 {[%emt 0:09:54]} 14. Ne4 {[%emt 0:03:42]} Qd5 {[%emt 0:10:05]} 15. Nxf6+ {[%emt 0:00:42]} Bxf6 {[%emt 0:00:03]} 16. b3 {[%emt 0:00:38]} Bg7 {[%emt 0:00:21]} 17. c4 {[%emt 0:03:27]} Qc6 {[%emt 0:00:50]} 18. Rc1 {[%emt 0:02:40]} Bf5+ {[%emt 0:03:39]} 19. Ka2 {[%emt 0:04:21]} Nd7 {[%emt 0:03:11]} 20. d5 {[%emt 0:01:05]} Qc7 {[%emt 0:01:41]} 21. Bd4 {[%emt 0:00:13]} Nf6 {[%emt 0:00:37]} 22. Bd3 {[%emt 0:03:29]} Bxd3 {[%emt 0:01:48]} 23. Qxd3 {[%emt 0:00:30]} O-O {[%emt 0:00:07]} 24. Bb2 {[%emt 0:07:06]} a6 {[%emt 0:00:33]} 25. Rhe1 {[%emt 0:02:14]} Qd7 {[%emt 0:00:15]} 26. Nd4 {[%emt 0:02:26]} Rc5 {[%emt 0:01:34]} 27. f4 {[%emt 0:14:39]} b5 {[%emt 0:00:04]} 28. f5 {[%emt 0:00:45]} bxc4 {[%emt 0:00:07]} 29. bxc4 {[%emt 0:00:05]} g5 {[%emt 0:00:22]} 30. Nc6 {[%emt 0:03:03]} Rxc6 {[%emt 0:04:22]} 31. dxc6 {[%emt 0:00:11]} Qxc6 {[%emt 0:00:05]} 32. Rc2 {[%emt 0:00:54]} Qb7 {[%emt 0:02:49]} 33. Bxf6 {[%emt 0:01:42]} Bxf6 {[%emt 0:00:16]} 34. Rb1 {[%emt 0:00:03]} Qa7 {[%emt 0:02:13]} 35. Qe4 {[%emt 0:02:42]} Qc5 {[%emt 0:03:55]} 36. Qd5 {[%emt 0:04:00]} Qe3 {[%emt 0:00:28]} 37. g4 {[%emt 0:01:39]} Kg7 {[%emt 0:01:10]} 38. Qb7 {[%emt 0:00:38]} Qd3 {[%emt 0:03:15]} 39. Rbc1 {[%emt 0:00:46]} Qd4 {[%emt 0:00:22]} 40. h3 {[%emt 0:00:22]} a5 {[%emt 0:01:32]} 41. Qd5 {[%emt 0:10:24]} Qe3 42. Qxa5 {[%emt 0:00:04]} Rb8 {[%emt 0:00:05]} 1/2-1/2

[Event "11th LCC FIDE Open 2019"]
[Site "London"]
[Date "2019.12.04"]
[Round "7.26"]
[White "Akots, Gabor"]
[Black "Seymour, Timothy P"]
[Result "1/2-1/2"]
[WhiteElo "2221"]
[BlackElo "2107"]
[Annotator "NA"]
[PlyCount "29"]
[EventDate "2019.11.29"]
[EventType "swiss"]
[EventCountry "ENG"]
[SourceTitle "playchess.com"]
[Source "ChessBase"]
[SourceQuality "1"]
[TimeControl "40/5400+30:1800+30"]

1. e4 {[%emt 0:00:00]} e5 {[%emt 0:00:00]} 2. Nf3 {[%emt 0:00:00]} Nc6 {[%emt 0:00:00]} 3. Bc4 {[%emt 0:00:00]} Bc5 {[%emt 0:00:00]} 4. c3 {[%emt 0:00:08]} Nf6 {[%emt 0:00:00]} 5. d3 {[%emt 0:00:04]} O-O {[%emt 0:00:08]} 6. Bg5 {[%emt 0:00:56]} h6 {[%emt 0:00:55]} 7. Bh4 {[%emt 0:00:04]} Be7 {[%emt 0:00:09]} 8. Nbd2 {[%emt 0:00:05]} d6 {[%emt 0:00:05]} 9. a4 {[%emt 0:00:02]} Nh5 {[%emt 0:06:57]} 10. g3 {[%emt 0:02:15]} g6 {[%emt 0:16:36]} 11. Nf1 {[%emt 0:12:15]} Kg7 {[%emt 0:20:14]} 12. Ne3 {[%emt 0:21:42]} Be6 {[%emt 0:19:17]} 13. Bxe6 {[%emt 0:19:07]} fxe6 {[%emt 0:00:01]} 14. Bxe7 {[%emt 0:00:12]} Qxe7 {[%emt 0:00:36]} 15. Nd2 {[%emt 0:08:56]} 1/2-1/2

[Event "11th LCC FIDE Open 2019"]
[Site "London"]
[Date "2019.12.04"]
[Round "7.27"]
[White "Stanisz, Patryk"]
[Black "Papadiamandis, Elliot"]
[Result "1/2-1/2"]
[WhiteElo "2139"]
[BlackElo "2220"]
[Annotator "NA"]
[PlyCount "46"]
[EventDate "2019.11.29"]
[EventType "swiss"]
[EventCountry "ENG"]
[SourceTitle "playchess.com"]
[Source "ChessBase"]
[SourceQuality "1"]
[TimeControl "40/5400+30:1800+30"]

1. d4 {[%emt 0:01:59]} Nf6 {[%emt 0:00:00]} 2. Bf4 {[%emt 0:00:37]} g6 {[%emt 0:00:18]} 3. Nc3 {[%emt 0:00:08]} d5 {[%emt 0:00:08]} 4. Qd2 {[%emt 0:00:07]} Bg7 {[%emt 0:04:52]} 5. Bh6 {[%emt 0:00:10]} O-O {[%emt 0:00:13]} 6. Bxg7 {[%emt 0:00:21]} Kxg7 {[%emt 0:00:09]} 7. e3 {[%emt 0:01:04]} c6 {[%emt 0:00:57]} 8. f3 {[%emt 0:00:12]} b5 {[%emt 0:00:55]} 9. g4 {[%emt 0:03:08]} h5 {[%emt 0:08:43]} 10. gxh5 {[%emt 0:06:34]} Nxh5 {[%emt 0:00:20]} 11. Nge2 {[%emt 0:00:13]} a5 {[%emt 0:05:17]} 12. Ng3 {[%emt 0:00:26]} Nxg3 {[%emt 0:01:27]} 13. hxg3 {[%emt 0:00:10]} Rh8 {[%emt 0:00:05]} 14. Rxh8 {[%emt 0:08:34]} Qxh8 {[%emt 0:00:36]} 15. Bg2 {[%emt 0:00:59]} Qh2 {[%emt 0:04:56]} 16. Qf2 {[%emt 0:01:18]} Bh3 {[%emt 0:03:57]} 17. Bxh3 {[%emt 0:00:31]} Qxh3 {[%emt 0:00:02]} 18. O-O-O {[%emt 0:01:45]} Nd7 {[%emt 0:00:27]} 19. Ne2 {[%emt 0:19:38]} Rh8 {[%emt 0:06:12]} 20. Rg1 {[%emt 0:00:08]} e5 {[%emt 0:08:22]} 21. g4 {[%emt 0:15:08]} exd4 {[%emt 0:09:49]} 22. exd4 {[%emt 0:00:14]} Nf6 {[%emt 0:01:05]} 23. g5 {[%emt 0:11:54]} Nd7 {[%emt 0:09:07]} 1/2-1/2

[Event "11th LCC FIDE Open 2019"]
[Site "London"]
[Date "2019.12.04"]
[Round "7.28"]
[White "Semprun Martinez, Fernando"]
[Black "Manfay, Mate"]
[Result "1/2-1/2"]
[WhiteElo "2071"]
[BlackElo "2197"]
[Annotator "NA"]
[PlyCount "74"]
[EventDate "2019.11.29"]
[EventType "swiss"]
[EventCountry "ENG"]
[SourceTitle "playchess.com"]
[Source "ChessBase"]
[SourceQuality "1"]
[TimeControl "40/5400+30:1800+30"]

1. d4 {[%emt 0:00:00]} Nf6 {[%emt 0:05:20]} 2. c4 {[%emt 0:00:00]} c5 {[%emt 0:00:08]} 3. d5 {[%emt 0:00:00]} e5 {[%emt 0:00:07]} 4. Nc3 {[%emt 0:01:05]} d6 {[%emt 0:00:05]} 5. e4 {[%emt 0:00:58]} Be7 {[%emt 0:00:09]} 6. g3 {[%emt 0:02:24]} Nbd7 {[%emt 0:02:10]} 7. Bg2 {[%emt 0:00:56]} O-O {[%emt 0:00:12]} 8. Nge2 {[%emt 0:00:26]} Ne8 {[%emt 0:00:31]} 9. O-O {[%emt 0:00:56]} a6 {[%emt 0:01:44]} 10. a4 {[%emt 0:03:48]} b6 {[%emt 0:00:04]} 11. Qd3 {[%emt 0:06:13]} Rb8 {[%emt 0:06:27]} 12. Be3 {[%emt 0:04:16]} Nc7 {[%emt 0:06:40]} 13. Ra3 {[%emt 0:02:30]} Bf6 {[%emt 0:05:07]} 14. Bh3 {[%emt 0:08:02]} Re8 {[%emt 0:04:24]} 15. Kg2 {[%emt 0:00:54]} Nf8 {[%emt 0:03:35]} 16. Bxc8 {[%emt 0:00:25]} Qxc8 {[%emt 0:00:09]} 17. f3 {[%emt 0:03:00]} Qd7 {[%emt 0:00:20]} 18. Rb1 {[%emt 0:05:46]} a5 {[%emt 0:14:32]} 19. Qd2 {[%emt 0:07:34]} Na6 {[%emt 0:01:00]} 20. Nb5 {[%emt 0:01:45]} Nb4 {[%emt 0:00:25]} 21. Rf1 {[%emt 0:01:18]} Rbd8 {[%emt 0:07:15]} 22. Raa1 {[%emt 0:00:53]} g6 {[%emt 0:00:45]} 23. g4 {[%emt 0:01:54]} Bg7 {[%emt 0:02:07]} 24. Ng3 {[%emt 0:00:33]} Qe7 {[%emt 0:02:27]} 25. Rh1 {[%emt 0:00:57]} Rd7 {[%emt 0:12:20]} 26. Nc3 {[%emt 0:05:12]} f6 {[%emt 0:03:18]} 27. h4 {[%emt 0:01:12]} Qf7 {[%emt 0:01:56]} 28. Rh2 {[%emt 0:02:30]} Na6 {[%emt 0:01:56]} 29. Rg1 {[%emt 0:02:16]} Nc7 {[%emt 0:00:43]} 30. Kf1 {[%emt 0:00:44]} Rdd8 {[%emt 0:01:27]} 31. Rhg2 {[%emt 0:00:39]} Nd7 {[%emt 0:00:34]} 32. b3 {[%emt 0:04:38]} Kh8 {[%emt 0:01:03]} 33. Ke1 {[%emt 0:00:38]} Rg8 {[%emt 0:01:17]} 34. Rh2 {[%emt 0:01:19]} Bf8 {[%emt 0:02:04]} 35. h5 {[%emt 0:02:57]} g5 {[%emt 0:00:31]} 36. h6 {[%emt 0:01:13]} Be7 {[%emt 0:01:27]} 37. Nf5 {[%emt 0:02:18]} Nf8 {[%emt 0:12:36]} 1/2-1/2